000 00554nam a2200193Ia 4500
001 8321
003 GE_BSU
008 181216s||||||||xx |||||||||||||| ||und||
040 _cGE_BSU
245 _aВопросы психологии №6 Ноябрь-декабрь 2013
245 _bНаучный журнал
245 _cГл. ред. Щедрина Е.В.
260 _aМосква
260 _c2013
300 _a176 стр.24 см.
653 _aВопросы психологии
653 _aპერიოდიკა
942 _cCR
999 _c41651
_d41651